Normal view
MARC view
- Universidad Nacional de México.
Entry Nombre Corporativo
001 - NÚMERO DE CONTROL
- campo de control: 51380
003 - IDENTIFICADOR DE NUMERO DE CONTROL
- campo de control: MX-MxUPN
005 - FECHA Y HORA DE LA ÜLTIMA TRANSACCIÓN
- campo de control: 20240315102421.0
008 - DATOS DE LONGITUD FIJA
- campo de control de longitud fija: 240315|| acn||aabn | a|a d
040 ## - FUENTE DE CATALOGACIÓN
- Agencia original de catalogación: MX-MxUPN
- Lenguaje de catalogación: spa
- Agencia transcribe: MX-MxUPN
110 2# - ENCABEZAMIENTO - NOMBRE CORPORATIVO
- Nombre corporativo o de jurisdicción como elemento de entrada : Universidad Nacional de México.
- Unidad subordinada: Dirección de Bibliotecas Populares
670 ## - FUENTE EN LA QUE SE LOCALIZARON DATOS
- Cita de la fuente : Las bibliotecas públicas en México: 1910-1940, 1988:
- Información localizada: página 127 (... durante junio de 1920, fue creada dentro de la misma Universidad Nacional la Dirección de Bibliotecas Populares)
902 ## - CATALOGADOR
- Catalogador: Víctor Ruiz/150324
